[Event "Cto de Aragon por Equipos D. Honor"]
[Site "?"]
[Date "2020.02.15"]
[Round "4.17"]
[White "Escartin Lacasa, Jose"]
[Black "Calvo Simon, Jorge"]
[Result "0-1"]
[WhiteElo "2125"]
[BlackElo "2213"]
[PlyCount "82"]
[EventDate "2020.01.25"]
[WhiteTeam "Jaque"]
[BlackTeam "Helios"]

1. d4 Nf6 2. Nf3 g6 3. c4 Bg7 4. Nc3 d6 5. e4 O-O 6. Be3 e5 7. Be2 Ng4 8. Bg5
f6 9. Bh4 Nc6 10. d5 Ne7 11. Nd2 Nh6 12. f3 Nf7 13. O-O h5 14. Bf2 Bh6 15. c5
g5 16. Rc1 Ng6 17. cxd6 Nxd6 18. Nb5 Rf7 19. Rc3 Nf4 20. Bc4 Rg7 21. Qc2 g4 22.
Bg3 Ng6 23. fxg4 h4 24. Bf2 Bxg4 25. h3 Bd7 26. Nxd6 cxd6 27. Kh1 b5 28. Be2
Nf4 29. Bf3 Kh8 30. a3 Qg8 31. Bxh4 Rf8 32. Nb3 Rh7 33. Bd1 Rg7 34. Bf3 Qh7 35.
Rc7 Bg5 36. Bxg5 Rxg5 37. Qd2 Rfg8 38. Rxd7 Qxd7 39. Bg4 Qh7 40. Bf5 Qg7 41. g4
Qh6 0-1

[Event "Cto de Aragon por Equipos D. Honor"]
[Site "?"]
[Date "2020.02.15"]
[Round "4.18"]
[White "Cerrajeria Ruiz, Jesus Maria"]
[Black "Buisac Anadon, Pablo"]
[Result "0-1"]
[WhiteElo "2158"]
[BlackElo "2020"]
[PlyCount "80"]
[EventDate "2020.01.25"]
[WhiteTeam "Helios"]
[BlackTeam "Jaque"]

1. g3 d5 2. Nf3 c6 3. Bg2 Bg4 4. Ne5 Bf5 5. c4 Nd7 6. d4 Nxe5 7. dxe5 e6 8. Nc3
Bb4 9. Qb3 Bxc3+ 10. bxc3 Qd7 11. Ba3 Ne7 12. cxd5 exd5 13. Rd1 O-O 14. c4 Be6
15. cxd5 cxd5 16. e4 Rfd8 17. O-O Rac8 18. Bxe7 Qxe7 19. exd5 Bf5 20. Qe3 b6
21. d6 Qd7 22. Rc1 g6 23. Rxc8 Rxc8 24. Rc1 Rxc1+ 25. Qxc1 Qb5 26. f4 Qd3 27.
Bc6 h5 28. Kf2 h4 29. gxh4 Qh3 30. Qd2 Qxh2+ 31. Ke3 Qg1+ 32. Kf3 Bg4+ 33. Ke4
Qh1+ 34. Kd4 Qxc6 35. Qc3 Qxc3+ 36. Kxc3 Kf8 37. Kc4 a6 38. a4 Bd7 39. a5 bxa5
40. Kc5 a4 0-1

[Event "Cto de Aragon por Equipos D. Honor"]
[Site "?"]
[Date "2020.02.15"]
[Round "4.19"]
[White "Buisan Zaharia, Pedro"]
[Black "Lorente Melcon, Maximo"]
[Result "1-0"]
[WhiteElo "1904"]
[BlackElo "1661"]
[PlyCount "69"]
[EventDate "2020.01.25"]
[WhiteTeam "Jaque"]
[BlackTeam "Helios"]

1. d4 Nf6 2. Nf3 c5 3. e3 g6 4. Be2 cxd4 5. exd4 Bg7 6. O-O O-O 7. c4 d6 8. Nc3
Nbd7 9. Bf4 b6 10. Rc1 Bb7 11. Qd2 Rc8 12. b3 Re8 13. Rfd1 a6 14. d5 Qc7 15. h4
Ng4 16. Ng5 Nde5 17. Bxg4 Nxg4 18. Nge4 Qd7 19. f3 Ne5 20. Bh6 b5 21. Bxg7 Kxg7
22. f4 Ng4 23. Qd4+ Kg8 24. c5 dxc5 25. Nxc5 Qc7 26. b4 Red8 27. a3 Qb8 28. Rc2
Nf6 29. Rcd2 Bxd5 30. Qe5 Qa8 31. Nxd5 Ng4 32. Nxe7+ Kf8 33. Qh8+ Kxe7 34. Re1+
Ne3 35. Rxe3+ 1-0

[Event "Cto de Aragon por Equipos D. Honor"]
[Site "?"]
[Date "2020.02.15"]
[Round "4.20"]
[White "Del Rey, Diego"]
[Black "Antonano Fedz-Quincoces, Avelino"]
[Result "1-0"]
[WhiteElo "2381"]
[BlackElo "2041"]
[PlyCount "101"]
[EventDate "2020.01.25"]
[WhiteTeam "El Olivar"]
[BlackTeam "St. Casablanca B"]

1. d4 Nf6 2. c4 e6 3. g3 Bb4+ 4. Bd2 Qe7 5. Bg2 Nc6 6. Nf3 d5 7. O-O Bxd2 8.
Nbxd2 O-O 9. Qb3 Na5 10. Qc3 Nxc4 11. Nxc4 dxc4 12. Qxc4 c6 13. Ne5 Nd7 14.
Rfd1 Nb6 15. Qb3 Kh8 16. a4 f6 17. a5 Nd5 18. Nd3 Rb8 19. Qa3 Qxa3 20. Rxa3 Kg8
21. Rc1 Nc7 22. e3 Rd8 23. Nc5 Nb5 24. Rb3 a6 25. f4 Kf7 26. Bf1 Bd7 27. Kf2
Ke7 28. Bc4 Nd6 29. e4 Nb5 30. Ke3 Bc8 31. Rd3 Nc7 32. Rb3 Nb5 33. Bxb5 cxb5
34. Rd3 Rd6 35. b4 b6 36. axb6 Rbxb6 37. Rdc3 Bb7 38. g4 e5 39. d5 exf4+ 40.
Kxf4 g6 41. Nxb7 Rxb7 42. Rc7+ Rd7 43. Rxb7 Rxb7 44. Rc6 g5+ 45. Kf5 a5 46.
bxa5 b4 47. a6 Rb5 48. a7 Ra5 49. Rc7+ Kd6 50. Rb7 b3 51. Kxf6 1-0

[Event "Cto de Aragon por Equipos D. Honor"]
[Site "?"]
[Date "2020.02.15"]
[Round "4.21"]
[White "Ayensa Garcia, Miguel Angel"]
[Black "Villuendas Valero, Adrian"]
[Result "0-1"]
[WhiteElo "1970"]
[BlackElo "2265"]
[PlyCount "102"]
[EventDate "2020.01.25"]
[WhiteTeam "St. Casablanca B"]
[BlackTeam "El Olivar"]

1. c4 e5 2. Nc3 Nc6 3. Nf3 Nf6 4. e4 Bb4 5. d3 d6 6. a3 Bxc3+ 7. bxc3 h6 8. Be2
O-O 9. O-O Nh7 10. Ne1 f5 11. exf5 Bxf5 12. Nc2 Bd7 13. Rb1 Rb8 14. Nb4 Ne7 15.
Bg4 Nf6 16. Bxd7 Qxd7 17. d4 e4 18. d5 Ng6 19. Nc2 Ne5 20. Nd4 Nxc4 21. Ne6 Rf7
22. Qd4 Nb6 23. c4 c5 24. Qc3 Re8 25. Qc2 Qa4 26. Qxa4 Nxa4 27. Bf4 Rd7 28. Rb3
Nb6 29. Rc1 Kf7 30. Bd2 Nbxd5 31. cxd5 Nxd5 32. Nf4 Nxf4 33. Bxf4 b6 34. f3 d5
35. fxe4 Rxe4 36. Rf1 Ke6 37. Rg3 d4 38. Bd2 Re2 39. Rf2 Rxf2 40. Kxf2 Kd5 41.
Ke2 Re7+ 42. Kd1 c4 43. Bb4 Rf7 44. Rg6 c3 45. Ke2 a5 46. Rd6+ Kc4 47. Rxb6 d3+
48. Ke3 d2 49. Rc6+ Kb5 50. Rc5+ Kb6 51. Ke2 axb4 0-1

[Event "Cto de Aragon por Equipos D. Honor"]
[Site "?"]
[Date "2020.02.15"]
[Round "4.22"]
[White "Hernando Garcia, Antonio"]
[Black "Sanjulian Arruga, Pablo"]
[Result "1-0"]
[WhiteElo "2120"]
[BlackElo "1961"]
[PlyCount "49"]
[EventDate "2020.01.25"]
[WhiteTeam "El Olivar"]
[BlackTeam "St. Casablanca B"]

1. c4 c6 2. Nf3 d5 3. cxd5 cxd5 4. d4 Nf6 5. Nc3 Nc6 6. Bf4 Bf5 7. e3 e6 8. Bb5
Nd7 9. Qa4 Qb6 10. Nh4 Be4 11. O-O-O Rc8 12. f3 Bg6 13. Nxg6 hxg6 14. Kb1 a6
15. Be2 Be7 16. Rc1 Qd8 17. Qd1 Na5 18. Ka1 b5 19. Nb1 g5 20. Bg3 Nb6 21. Rxc8
Qxc8 22. b3 Nb7 23. Qc1 Qxc1 24. Rxc1 Kd7 25. Rc7+ 1-0

[Event "Cto de Aragon por Equipos D. Honor"]
[Site "?"]
[Date "2020.02.15"]
[Round "4.23"]
[White "Lazaro Abadias, Andres"]
[Black "Veras Sanz, Marino"]
[Result "0-1"]
[WhiteElo "1528"]
[BlackElo "2076"]
[PlyCount "62"]
[EventDate "2020.01.25"]
[WhiteTeam "St. Casablanca B"]
[BlackTeam "El Olivar"]

1. c4 c5 2. Nf3 Nf6 3. g3 g6 4. Bg2 Bg7 5. O-O O-O 6. e3 Nc6 7. d4 d6 8. Nc3
Qa5 9. a3 cxd4 10. Nxd4 Qc5 11. Nxc6 bxc6 12. Qe2 Ba6 13. b3 Nd5 14. Na4 Qa5
15. Bb2 Rab8 16. Bxg7 Kxg7 17. Qc2 Nf6 18. Bxc6 Rfc8 19. Bg2 d5 20. Rfc1 dxc4
21. b4 Qh5 22. Nc5 Bb5 23. a4 Bc6 24. Bxc6 Rxc6 25. Qxc4 Ng4 26. h4 Ne5 27. Qe4
Rf6 28. Ra2 Rd8 29. Qb7 Rd1+ 30. Rxd1 Qxd1+ 31. Kg2 Nf3 0-1

[Event "Cto de Aragon por Equipos D. Honor"]
[Site "?"]
[Date "2020.02.15"]
[Round "4.24"]
[White "Accattato Martin, Mario"]
[Black "Lana Rodriguez, David"]
[Result "1-0"]
[WhiteElo "2223"]
[BlackElo "2301"]
[PlyCount "87"]
[EventDate "2020.01.25"]
[WhiteTeam "Monzon"]
[BlackTeam "Agrupacion A"]

1. e4 e6 2. d4 d5 3. Bd3 dxe4 4. Bxe4 Nf6 5. Bf3 c5 6. Ne2 cxd4 7. Qxd4 Nbd7 8.
Nbc3 Bc5 9. Qf4 O-O 10. O-O Qa5 11. a3 Bb6 12. g3 Bc7 13. Qh4 Ne5 14. Bg2 Ng6
15. Qc4 Bd7 16. b4 Qe5 17. Nf4 Bb6 18. Nxg6 hxg6 19. Bf4 Qf5 20. Qd3 Rac8 21.
Ne4 Ba4 22. Nd6 Qxd3 23. cxd3 Rc3 24. Nxb7 Nd7 25. Rfc1 Rfc8 26. Nd6 Rxc1+ 27.
Rxc1 Rxc1+ 28. Bxc1 Ne5 29. Nc4 Bxf2+ 30. Kxf2 Nxd3+ 31. Ke3 Nxc1 32. Kd2 Nb3+
33. Kc3 Nc1 34. Bf1 Kf8 35. Na5 Na2+ 36. Kb2 Nxb4 37. axb4 Ke7 38. Ka3 Bd7 39.
b5 Kd6 40. Kb4 e5 41. Bg2 f5 42. Nc4+ Ke7 43. Bc6 Bxc6 44. bxc6 1-0

[Event "Cto de Aragon por Equipos D. Honor"]
[Site "?"]
[Date "2020.02.15"]
[Round "4.25"]
[White "Ramon Perez, Jose Luis"]
[Black "Arrieta Restrepo, Steven"]
[Result "1-0"]
[WhiteElo "2220"]
[BlackElo "2051"]
[PlyCount "101"]
[EventDate "2020.01.25"]
[WhiteTeam "Agrupacion A"]
[BlackTeam "Monzon"]

1. e4 c5 2. Nc3 d6 3. f4 Nc6 4. Nf3 g6 5. Bb5 Bd7 6. d3 Bg7 7. O-O Nd4 8. Bc4
b5 9. Bb3 Rc8 10. Nxd4 cxd4 11. Ne2 e6 12. f5 exf5 13. Ng3 Nh6 14. Bf4 O-O 15.
Qd2 Ng4 16. exf5 Bc6 17. fxg6 hxg6 18. Bg5 Qd7 19. Ne4 Bxe4 20. dxe4 Ne3 21.
Rf3 d5 22. exd5 Nc4 23. Qf2 Qxd5 24. Qh4 f5 25. Bh6 Rfe8 26. Bxg7 Kxg7 27. Rd1
Re4 28. Rf4 Qe5 29. Rdf1 Rxf4 30. Qxf4 Qe3+ 31. Kh1 Qxf4 32. Rxf4 Re8 33. Bxc4
bxc4 34. Kg1 Rd8 35. Kf1 Kf6 36. Ke2 Ke5 37. Rf3 Kd5 38. Ra3 Rb8 39. b3 cxb3
40. axb3 Re8+ 41. Kd2 Re7 42. h4 Rg7 43. Kd3 Ke5 44. Ra4 g5 45. g3 gxh4 46.
Ra5+ Ke6 47. gxh4 Rd7 48. Ra4 Ke5 49. h5 Rh7 50. Ra5+ Kf6 51. Kxd4 1-0

[Event "Cto de Aragon por Equipos D. Honor"]
[Site "?"]
[Date "2020.02.15"]
[Round "4.26"]
[White "Barranco Mananet, Fernando"]
[Black "Moreno Martin-Viveros, Alvaro"]
[Result "0-1"]
[WhiteElo "2034"]
[BlackElo "2160"]
[PlyCount "114"]
[EventDate "2020.01.25"]
[WhiteTeam "Monzon"]
[BlackTeam "Agrupacion A"]

1. e4 e5 2. Nf3 Nc6 3. d4 exd4 4. Nxd4 Bb4+ 5. c3 Bc5 6. Be3 Bb6 7. Nf5 Bxe3 8.
Nxe3 d6 9. Bb5 Nge7 10. O-O O-O 11. c4 f5 12. exf5 Nxf5 13. Nd2 Nxe3 14. fxe3
Rxf1+ 15. Nxf1 Be6 16. Bxc6 bxc6 17. Qd4 Qd7 18. Ng3 c5 19. Qd3 Rf8 20. b3 a5
21. Rf1 Rxf1+ 22. Nxf1 a4 23. Nd2 h6 24. Qc2 axb3 25. axb3 Qe7 26. Qc3 Bd7 27.
Nb1 Bc6 28. Qd2 Qg5 29. Nc3 Bxg2 30. h4 Qg3 31. Qf2 Qh3 32. Qf4 Bf3 33. Qh2
Qg4+ 34. Kf2 Bd1 35. Nd5 Qe2+ 36. Kg1 Qxh2+ 37. Kxh2 Bxb3 38. Nxc7 Bxc4 39. Kg3
Kf7 40. Kf4 g6 41. Na8 Kf6 42. Nb6 Be6 43. Na4 g5+ 44. hxg5+ hxg5+ 45. Ke4 Bd7
46. Nc3 Bc6+ 47. Kd3 Ke5 48. Ke2 Kf5 49. Kf2 Kg4 50. Ne2 Kh3 51. Ng1+ Kh2 52.
Ne2 g4 53. Ng3 Bb5 54. Nf5 Bd3 55. Nh4 g3+ 56. Kf3 Kh3 57. Ng2 Be4+ 0-1

[Event "Cto de Aragon por Equipos D. Honor"]
[Site "?"]
[Date "2020.02.15"]
[Round "4.27"]
[White "Lacruz Algarate, Alvaro"]
[Black "Hidalgo Gracia, Andres"]
[Result "1-0"]
[WhiteElo "2121"]
[BlackElo "1818"]
[PlyCount "76"]
[EventDate "2020.01.25"]
[WhiteTeam "Agrupacion A"]
[BlackTeam "Monzon"]

1. e4 c5 2. Nf3 e6 3. d4 cxd4 4. Nxd4 Nc6 5. Be3 Qc7 6. Be2 Nf6 7. Nc3 a6 8. a3
Be7 9. O-O b5 10. f4 Nxd4 11. Qxd4 Bb7 12. Bf3 d5 13. Rad1 Rd8 14. f5 O-O 15.
fxe6 fxe6 16. Qb6 Qxb6 17. Bxb6 Rd7 18. Rd3 Ba8 19. Rfd1 Rb7 20. Ba5 Nd7 21.
Bg4 Nc5 22. R3d2 Rf4 23. Bh3 Nxe4 24. Bxe6+ Kh8 25. Nxe4 Rxe4 26. Bxd5 Rb8 27.
Bxe4 Bxe4 28. Bc7 Rc8 29. c3 Bf6 30. Rd6 Ra8 31. Rb6 Bc2 32. Rd2 Bb3 33. Rb8+
Rxb8 34. Bxb8 h6 35. g3 a5 36. Bc7 a4 37. Kf2 Kh7 38. Ke3 Bc4 1-0

[Event "Cto de Aragon por Equipos D. Honor"]
[Site "?"]
[Date "2020.02.15"]
[Round "4.28"]
[White "Sanchez Herrera, Miguel"]
[Black "Sacristan Latorre, Alberto"]
[Result "0-1"]
[WhiteElo "2074"]
[BlackElo "2109"]
[PlyCount "126"]
[EventDate "2020.01.25"]
[WhiteTeam "Agrupacion B"]
[BlackTeam "Palacio De Pioneros B"]

1. c4 c5 2. Nf3 Nc6 3. g3 g6 4. Bg2 Bg7 5. Nc3 e5 6. d3 Nge7 7. O-O d6 8. e4
Nd4 9. Nxd4 cxd4 10. Ne2 h5 11. h3 Be6 12. Kh2 Qd7 13. Ng1 h4 14. g4 f5 15.
gxf5 gxf5 16. exf5 Nxf5 17. Bg5 Bh6 18. Nf3 Bf7 19. Qe1 Kf8 20. Bxh6+ Rxh6 21.
c5 Re8 22. cxd6 Qxd6 23. Kh1 Bd5 24. Rg1 e4 25. dxe4 Rxe4 26. Qc1 Bc6 27. Ng5
Re2 28. Qc4 Re7 29. Qd3 Qf4 30. Bxc6 Rxc6 31. Rg4 Qe5 32. Rag1 Qd5+ 33. Kh2 Qc5
34. Kh1 Qd5+ 35. Ne4 Ke8 36. Qf3 Kd8 37. Qg2 Kc7 38. Rf4 Rc2 39. Qf3 Re5 40.
Rg5 Nd6 41. Rxe5 Qxe5 42. Nxd6 Kxd6 43. Re4 Rc1+ 44. Kg2 Qg5+ 45. Rg4 Qd5 46.
Rxh4 Rg1+ 47. Kxg1 Qxf3 48. Rxd4+ Kc5 49. Rh4 Qf6 50. Rg4 Qxb2 51. a4 Kd5 52.
Kg2 a6 53. h4 b5 54. axb5 axb5 55. h5 Qh8 56. f4 b4 57. Rh4 b3 58. h6 b2 59.
Rh1 Kc4 60. Kf3 Kc3 61. f5 Kc2 62. Rh2+ Kb3 63. Rh1 Qa8+ 0-1

[Event "Cto de Aragon por Equipos D. Honor"]
[Site "?"]
[Date "2020.02.15"]
[Round "4.29"]
[White "Zambrana Petisme, Ramiro"]
[Black "Montes Santos, Lorenzo"]
[Result "1-0"]
[WhiteElo "2107"]
[BlackElo "2064"]
[PlyCount "95"]
[EventDate "2020.01.25"]
[WhiteTeam "Palacio De Pioneros B"]
[BlackTeam "Agrupacion B"]

1. e4 g6 2. d4 Bg7 3. c4 c5 4. Nf3 Nc6 5. Be3 cxd4 6. Nxd4 Nf6 7. Nc3 O-O 8.
Be2 b6 9. O-O Bb7 10. Qc2 Rc8 11. Rad1 Qc7 12. Rfe1 Qb8 13. Nxc6 Bxc6 14. Bf3
d6 15. a4 Rfe8 16. h3 Qb7 17. b4 Qb8 18. Bf4 Nd7 19. Bg4 h5 20. Bxd7 Bxd7 21.
Nd5 Be6 22. Qd3 Qb7 23. Bg5 Bf8 24. Ra1 Bxd5 25. exd5 Rc7 26. Re4 Rec8 27. g4
hxg4 28. hxg4 Bg7 29. Rae1 f6 30. Bd2 Kf7 31. Qe2 Rh8 32. Bf4 Bf8 33. Kg2 Qc8
34. Bg3 Kg7 35. f3 Kf7 36. Qd3 Kg7 37. Bf2 Qd7 38. b5 Qc8 39. Bd4 Kf7 40. Ba1
Bg7 41. Re6 Qg8 42. Qe2 Bf8 43. Rxf6+ Ke8 44. Rxd6 Bg7 45. Re6 Qf7 46. d6 Qf4
47. Rxe7+ Kd8 48. dxc7+ 1-0

[Event "Cto de Aragon por Equipos D. Honor"]
[Site "?"]
[Date "2020.02.15"]
[Round "4.30"]
[White "Garcia Morales, Roberto"]
[Black "Colom Sienes, Eduardo"]
[Result "0-1"]
[WhiteElo "2039"]
[BlackElo "2074"]
[PlyCount "102"]
[EventDate "2020.01.25"]
[WhiteTeam "Agrupacion B"]
[BlackTeam "Palacio De Pioneros B"]

1. e4 e6 2. d4 d5 3. exd5 exd5 4. Bd3 Bd6 5. Ne2 Ne7 6. c3 Nbc6 7. Qc2 Bg4 8.
Ng3 Qd7 9. h3 Be6 10. Be3 f5 11. Nh5 O-O-O 12. Bh6 gxh6 13. Nf6 Nxd4 14. cxd4
Bb4+ 15. Nc3 Qd6 16. O-O Bxc3 17. bxc3 Rdf8 18. Nh5 Rhg8 19. f4 Bf7 20. Bxf5+
Nxf5 21. Qxf5+ Be6 22. Qe5 Rf5 23. Qxd6 cxd6 24. Rae1 Kd7 25. g4 Rxh5 26. Re3
Bxg4 27. hxg4 Rxg4+ 28. Kf2 Rxf4+ 29. Ke1 Rxf1+ 30. Kxf1 Rh2 31. Ke1 Rxa2 32.
Rh3 Rg2 33. Rxh6 Rg7 34. Kd2 Kc6 35. Kc2 a5 36. Rh5 Re7 37. Kb3 b6 38. Rh6 b5
39. Rf6 Re3 40. Kb2 h5 41. Rh6 Rh3 42. Rh8 h4 43. Rc8+ Kb7 44. Rd8 Kc7 45. Ra8
a4 46. Ra7+ Kb6 47. Rh7 Rh2+ 48. Ka3 Rh1 49. Kb2 h3 50. Rh8 h2 51. Rh7 b4 0-1

[Event "Cto de Aragon por Equipos D. Honor"]
[Site "?"]
[Date "2020.02.15"]
[Round "4.31"]
[White "Gomez Salinas, Nestor"]
[Black "Carruez Berges, Fernando"]
[Result "0-1"]
[WhiteElo "2029"]
[BlackElo "1999"]
[PlyCount "152"]
[EventDate "2020.01.25"]
[WhiteTeam "Palacio De Pioneros B"]
[BlackTeam "Agrupacion B"]

1. e4 e6 2. d4 d5 3. Nc3 Bb4 4. Nge2 dxe4 5. a3 Be7 6. g4 h5 7. gxh5 Rxh5 8.
Ng3 Rh8 9. Ngxe4 Nf6 10. Nxf6+ Bxf6 11. Be3 Bd7 12. Bg2 Bc6 13. Bxc6+ Nxc6 14.
Qd3 Qd7 15. O-O-O O-O-O 16. d5 exd5 17. Nxd5 Be5 18. f4 Bd6 19. Qc3 g6 20. Bxa7
Qf5 21. Be3 Rh3 22. Rd3 Qe4 23. Rhd1 Rxh2 24. Nb6+ Kb8 25. Nc4 Be7 26. Rxd8+
Bxd8 27. Ne5 Kc8 28. Nxc6 bxc6 29. Qd3 Qxd3 30. Rxd3 Be7 31. Rb3 Bd6 32. Kd1
Rh4 33. f5 gxf5 34. Ke2 f4 35. Bf2 Rh2 36. Rd3 Bc5 37. Rf3 Be3 38. a4 c5 39. b3
Kd7 40. Kf1 Rh1+ 41. Kg2 Rc1 42. Bxe3 fxe3 43. Rxe3 Rxc2+ 44. Kf3 c4 45. Ke4
cxb3 46. Rxb3 Rc4+ 47. Kd5 Rxa4 48. Rf3 Ra5+ 49. Kd4 Ke6 50. Rc3 Kd6 51. Rc4
Rh5 52. Ke3 Rh3+ 53. Ke2 f5 54. Rf4 Rh5 55. Rc4 Rh2+ 56. Kf3 Rh3+ 57. Kg2 Rh7
58. Kf3 Kd5 59. Rc1 c5 60. Kf4 Rf7 61. Rd1+ Kc6 62. Rc1 Rf8 63. Rc2 Kb5 64.
Rb2+ Kc4 65. Rb7 Kc3 66. Rb6 c4 67. Rb7 Kc2 68. Kf3 c3 69. Ke2 f4 70. Rb6 f3+
71. Kf2 Kc1 72. Rb7 c2 73. Rb6 Rg8 74. Ke1 f2+ 75. Ke2 f1=Q+ 76. Kxf1 Kd2 0-1

[Event "Cto de Aragon por Equipos Preferente"]
[Site "?"]
[Date "2020.02.15"]
[Round "4.32"]
[White "Malo Guillen, Jose Luis"]
[Black "Rodriguez Leiva, Manuel"]
[Result "1-0"]
[WhiteElo "2099"]
[BlackElo "1820"]
[PlyCount "59"]
[EventDate "2020.??.??"]
[WhiteTeam "Las Fuentes A"]
[BlackTeam "Jaime Casas B"]

1. d4 d5 2. c4 e6 3. Nf3 Nf6 4. Nc3 Be7 5. Bf4 O-O 6. e3 c6 7. Qc2 Nbd7 8. h3
Re8 9. a3 Qa5 10. c5 Qd8 11. Bd3 Nf8 12. O-O Nh5 13. Bh2 f5 14. b4 Nf6 15. b5
Ne4 16. bxc6 bxc6 17. Ne5 Bd7 18. Nxe4 fxe4 19. Ba6 Bf6 20. Bb7 Bxe5 21. Bxe5
Ng6 22. Bxa8 Nxe5 23. dxe5 Qxa8 24. Rab1 Rf8 25. Qa4 Be8 26. Qa5 h5 27. Qc7 Bg6
28. Rb7 Rf7 29. Rb8+ Kh7 30. Qd8 1-0

[Event "Cto de Aragon por Equipos Preferente"]
[Site "?"]
[Date "2020.02.15"]
[Round "4.33"]
[White "Salas Latorre, Jose"]
[Black "Alonso Blasco, Jose Miguel"]
[Result "1/2-1/2"]
[WhiteElo "1749"]
[BlackElo "1955"]
[PlyCount "21"]
[EventDate "2020.??.??"]
[WhiteTeam "Jaime Casas B"]
[BlackTeam "Las Fuentes A"]

1. d4 Nf6 2. Bg5 Ne4 3. Bh4 c5 4. f3 Qa5+ 5. c3 g5 6. fxe4 gxh4 7. e3 cxd4 8.
exd4 Bg7 9. Nd2 O-O 10. Nh3 d6 11. Qc2 1/2-1/2

[Event "Cto de Aragon por Equipos Preferente"]
[Site "?"]
[Date "2020.02.15"]
[Round "4.34"]
[White "Matamoros Villarreal, Antonio"]
[Black "Buil Rello, Jose Antonio"]
[Result "1/2-1/2"]
[WhiteElo "1912"]
[BlackElo "1699"]
[PlyCount "28"]
[EventDate "2020.??.??"]
[WhiteTeam "Las Fuentes A"]
[BlackTeam "Jaime Casas B"]

1. e4 c5 2. Nf3 e6 3. d3 Nc6 4. Nbd2 Qc7 5. g3 b5 6. Bg2 Bb7 7. O-O Be7 8. Re1
d6 9. Nf1 Nf6 10. h4 a5 11. Bf4 Nh5 12. Bg5 Nf6 13. Bf4 Nh5 14. Bg5 Nf6 1/2-1/2

[Event "Cto de Aragon por Equipos Preferente"]
[Site "?"]
[Date "2020.02.15"]
[Round "4.35"]
[White "Modrego Oro, Aurelio"]
[Black "Querol Soro, Sergio"]
[Result "1/2-1/2"]
[WhiteElo "1039"]
[BlackElo "1870"]
[PlyCount "31"]
[EventDate "2020.??.??"]
[WhiteTeam "Jaime Casas B"]
[BlackTeam "Las Fuentes A"]

1. e4 g6 2. d4 Bg7 3. c3 d5 4. e5 c5 5. Bb5+ Nc6 6. Ne2 Qb6 7. Bxc6+ bxc6 8.
O-O Nh6 9. h3 O-O 10. g4 Bd7 11. Kg2 f6 12. f4 cxd4 13. cxd4 fxe5 14. dxe5 e6
15. a4 c5 16. Kg3 1/2-1/2

[Event "Cto de Aragon por Equipos Preferente"]
[Site "?"]
[Date "2020.02.15"]
[Round "4.36"]
[White "Romon Poves, Raul"]
[Black "Escuer Sanchez, Nestor"]
[Result "1-0"]
[WhiteElo "2237"]
[BlackElo "2068"]
[PlyCount "91"]
[EventDate "2020.??.??"]
[WhiteTeam "Shatranj"]
[BlackTeam "Enroque Barbastro"]

1. e4 e6 2. d4 d5 3. Nd2 Nf6 4. e5 Nfd7 5. Bd3 c5 6. c3 Nc6 7. Ne2 Qb6 8. Nf3
cxd4 9. cxd4 f6 10. exf6 Nxf6 11. O-O Bd6 12. Nc3 O-O 13. h3 Bd7 14. Re1 Rae8
15. Be3 Re7 16. Ne5 Be8 17. a3 Qd8 18. f4 Nh5 19. Ne2 Qb6 20. g4 Nf6 21. Nc3 g6
22. b4 Nd7 23. Na4 Qd8 24. Kg2 Bb8 25. Rc1 Ncxe5 26. fxe5 Ref7 27. Rf1 Rxf1 28.
Bxf1 b6 29. Nc3 Qe7 30. Qd2 a5 31. Bg5 Qf7 32. Be2 Nxe5 33. Rf1 Qc7 34. Bf4
Rxf4 35. Qxf4 Nf7 36. Qxc7 Bxc7 37. Bb5 Kf8 38. Re1 axb4 39. axb4 e5 40. Bxe8
Kxe8 41. Nxd5 Bd6 42. dxe5 Nxe5 43. Nxb6 Kf7 44. Nc8 Bc7 45. b5 Nd3 46. Re7+
1-0

[Event "Cto de Aragon por Equipos Preferente"]
[Site "?"]
[Date "2020.02.15"]
[Round "4.37"]
[White "Andreu Sin, Raul"]
[Black "Osorio Marin, Luis Alejandro"]
[Result "1-0"]
[WhiteElo "2047"]
[BlackElo "1966"]
[PlyCount "65"]
[EventDate "2020.??.??"]
[WhiteTeam "Enroque Barbastro"]
[BlackTeam "Shatranj"]

1. d4 f5 2. c4 Nf6 3. Nc3 e6 4. e3 Bb4 5. Bd2 O-O 6. Bd3 b6 7. Qc2 Bb7 8. f3 d5
9. Nge2 g6 10. O-O-O Nbd7 11. h4 c5 12. Rh3 Rc8 13. Kb1 Re8 14. Nf4 cxd4 15.
exd4 dxc4 16. Bf1 e5 17. dxe5 Rxe5 18. g4 a6 19. gxf5 Rxf5 20. Rg3 Kf7 21. Bh3
Rcc5 22. Bxf5 Rxf5 23. h5 Nxh5 24. Nxh5 Rxh5 25. Ne4 Bxe4 26. fxe4 Bxd2 27.
Qxc4+ Ke8 28. Rxd2 Rh1+ 29. Kc2 Qe7 30. Rf3 Qc5 31. Qxc5 Nxc5 32. e5 g5 33. b4
1-0

[Event "Cto de Aragon por Equipos Preferente"]
[Site "?"]
[Date "2020.02.15"]
[Round "4.38"]
[White "Franco Ibanez, Carlos"]
[Black "Campo Pelegrin, Ramon"]
[Result "1/2-1/2"]
[WhiteElo "1936"]
[BlackElo "1778"]
[PlyCount "59"]
[EventDate "2020.??.??"]
[WhiteTeam "Shatranj"]
[BlackTeam "Enroque Barbastro"]

1. d4 d5 2. c4 e6 3. Nf3 Nf6 4. g3 Be7 5. Bg2 Nbd7 6. Nbd2 O-O 7. O-O c6 8. b3
b6 9. Bb2 Bb7 10. Rc1 c5 11. e3 Rc8 12. Qe2 dxc4 13. Nxc4 b5 14. Ncd2 Qb6 15.
Rcd1 Rfd8 16. dxc5 Bxc5 17. Nd4 Ba6 18. a3 Be7 19. b4 e5 20. Nf5 Bf8 21. f4
exf4 22. Ne4 Nxe4 23. Bxe4 Nf6 24. Rxd8 Rxd8 25. Bxf6 Qxf6 26. Nd4 Bd6 27. Nc6
Re8 28. exf4 g6 29. Qd3 Bc7 30. Kh1 1/2-1/2

[Event "Cto de Aragon por Equipos Preferente"]
[Site "?"]
[Date "2020.02.15"]
[Round "4.39"]
[White "Carrera Angulo, Nicolas"]
[Black "Ballonga Arruebo, Alejandro"]
[Result "1/2-1/2"]
[WhiteElo "1328"]
[BlackElo "1677"]
[PlyCount "61"]
[EventDate "2020.??.??"]
[WhiteTeam "Enroque Barbastro"]
[BlackTeam "Shatranj"]

1. e4 e6 2. d4 d5 3. e5 c5 4. c3 Nc6 5. Nf3 Bd7 6. Be2 f6 7. Be3 Qc7 8. exf6
cxd4 9. f7+ Kxf7 10. Ng5+ Ke8 11. Bxd4 e5 12. Bh5+ g6 13. Qf3 Nh6 14. Qf6 Rg8
15. Nxh7 gxh5 16. Nxf8 Ng4 17. Ne6 Qd6 18. Ng7+ Rxg7 19. Qxd6 exd4 20. h3 Re7+
21. Kf1 Nce5 22. hxg4 Bb5+ 23. Kg1 Nxg4 24. Qxe7+ Kxe7 25. Rh4 Kd6 26. cxd4 Rf8
27. Nc3 Bc6 28. Rf1 b5 29. Rxh5 Ke6 30. Nxd5 Rd8 31. Nc3 1/2-1/2

[Event "Cto de Aragon por Equipos Preferente"]
[Site "?"]
[Date "2020.02.15"]
[Round "4.40"]
[White "Lopez Caudevilla, David"]
[Black "Galstyan, David"]
[Result "1-0"]
[WhiteElo "2163"]
[BlackElo "1825"]
[PlyCount "49"]
[EventDate "2020.??.??"]
[WhiteTeam "Actur Rey Fernando"]
[BlackTeam "El Olivar C"]

1. e4 e6 2. d3 d5 3. Nd2 c5 4. g3 Nc6 5. Bg2 Nf6 6. Ngf3 g6 7. O-O Bg7 8. Re1
O-O 9. Qe2 b6 10. Nf1 Bb7 11. e5 Nd7 12. Bf4 Rc8 13. h4 Qc7 14. c3 Ne7 15. N1h2
Nb8 16. Ng4 Nf5 17. Nf6+ Bxf6 18. exf6 Qd8 19. g4 Nd6 20. Bh6 Re8 21. Qe5 Nc6
22. Qg5 d4 23. Bg7 Nb8 24. Qh6 Bxf3 25. Bh8 1-0

[Event "Cto de Aragon por Equipos Preferente"]
[Site "?"]
[Date "2020.02.15"]
[Round "4.41"]
[White "Labrador Postigo, Francisco M"]
[Black "Larios Herraiz, Enrique"]
[Result "0-1"]
[WhiteElo "1822"]
[BlackElo "2061"]
[PlyCount "70"]
[EventDate "2020.??.??"]
[WhiteTeam "El Olivar C"]
[BlackTeam "Actur Rey Fernando"]

1. Nf3 e6 2. c4 b6 3. g3 Bb7 4. Bg2 f5 5. O-O Nf6 6. d3 Be7 7. Nc3 O-O 8. Rb1
Nc6 9. a3 Rb8 10. b4 Ng4 11. h3 Bf6 12. Bd2 Nge5 13. Nxe5 Bxe5 14. f4 Bf6 15.
e4 Bd4+ 16. Kh2 e5 17. Nb5 exf4 18. Bxf4 Be5 19. exf5 a6 20. Bd5+ Kh8 21. Bxc6
Bxf4 22. Rxf4 Bxc6 23. Nd4 Bb7 24. Qh5 Qe7 25. Rbf1 Rbe8 26. Qd1 Qf6 27. R1f2
Re3 28. Qd2 Rfe8 29. Ne6 Qa1 30. Rf1 Qe5 31. R1f2 Re1 32. g4 Rh1+ 33. Kg3 dxe6
34. Re2 Qd6 35. fxe6 g5 0-1